Buenos Aires - Choix multiples - Statistiques

Statistiques générales
  • Ce quiz a été pris 1 873 fois
    1 799 depuis la dernière actualisation
  • Le résultat moyen est 7 sur 10
Statistiques - réponses
Question Réponse % Correct
Comment se traduirait Buenos Aires en français ? Bons Vents
84%
Quel style de danse s'est développé dans les faubourgs populaires de Buenos Aires ? Tango
84%
Laquelle de ces images représente la Casa Rosada, palais présidentiel argentin ?
76%
Sur quel fleuve-estuaire se trouve Buenos Aires? Rio de la Plata
71%
Quelle avenue de Buenos Aires est considérée comme la plus large du monde ? Avenue du 9 Juillet
68%
De quel pays européen est venu la plus grande vague de migration à Buenos Aires entre le XIXe et le XXe siècle? D'Italie
57%
Sous quel surnom est connu l'actrice et femme politique Eva Perón, largement associée à Buenos Aires ? Evita
57%
Laquelle de ces personnalités est née à Buenos Aires ? Le pape François
56%
Lors de quelle édition de la coupe du monde de football l'Argentine a-t-elle remporté la compétition à Buenos Aires ? 1978
53%
Laquelle de ces équipes de football n'est PAS originaire de Buenos Aires? Newell's Old Boys
48%
Aucun quiz correspondant
Distribution des résultats
% des personnes avec chaque résultat
Percentile par nombre de réponses
Votre historique - résultats
Vous n’avez pas pris ce quiz depuis la dernière actualisation